<?xml version="1.0" encoding="UTF-8"?>
<record
    xmlns:xsi="http://www.w3.org/2001/XMLSchema-instance"
    xsi:schemaLocation="http://www.loc.gov/MARC21/slim http://www.loc.gov/standards/marcxml/schema/MARC21slim.xsd"
    xmlns="http://www.loc.gov/MARC21/slim">

  <leader>01338nam a22002537a 4500</leader>
  <controlfield tag="003">OSt</controlfield>
  <controlfield tag="005">20240503161120.0</controlfield>
  <controlfield tag="008">240503b           ||||| |||| 00| 0 spa d</controlfield>
  <datafield tag="020" ind1=" " ind2=" ">
    <subfield code="a">9789586891653</subfield>
  </datafield>
  <datafield tag="040" ind1=" " ind2=" ">
    <subfield code="c">CO-Mq BPB</subfield>
  </datafield>
  <datafield tag="041" ind1=" " ind2=" ">
    <subfield code="a">spa</subfield>
  </datafield>
  <datafield tag="082" ind1=" " ind2=" ">
    <subfield code="a">JN</subfield>
    <subfield code="b">EVAn</subfield>
  </datafield>
  <datafield tag="100" ind1=" " ind2=" ">
    <subfield code="a">Evaristo, Bernardine </subfield>
    <subfield code="e">autor</subfield>
  </datafield>
  <datafield tag="245" ind1=" " ind2=" ">
    <subfield code="a">Ni&#xF1;a, mujer, otras</subfield>
  </datafield>
  <datafield tag="264" ind1=" " ind2=" ">
    <subfield code="a">Bogot&#xE1;:</subfield>
    <subfield code="b">Difusora Larousse de Colombia</subfield>
    <subfield code="c">2023</subfield>
  </datafield>
  <datafield tag="300" ind1=" " ind2=" ">
    <subfield code="a">491 p&#xE1;ginas ; </subfield>
    <subfield code="b">Tapa rustica</subfield>
    <subfield code="c">22 cm</subfield>
  </datafield>
  <datafield tag="521" ind1=" " ind2=" ">
    <subfield code="a">La novela que comparti&#xF3; el premio Man Booker con Margaret Atwood Una Gran Breta&#xF1;a como nunca se ha contado. De Newcastle a Cornualles, desde principio del siglo veinte hasta las adolescentes del veintiuno, en Ni&#xF1;a, mujer, otras seguimos a un reparto de doce personajes en sus viajes personales por este pa&#xED;s y sus &#xFA;ltimos cien a&#xF1;os de vida. Todas est&#xE1;n enfrascadas en una b&#xFA;squeda: un pasado compartido, un futuro inesperado, un lugar al que llamar hogar, un sitio donde encajar, una amante, una madre desaparecida, un padre perdido, e incluso, lisa y llanamente, un rayo de esperanza...</subfield>
  </datafield>
  <datafield tag="521" ind1=" " ind2=" ">
    <subfield code="a">Recomendado para publico juvenil y adulto</subfield>
  </datafield>
  <datafield tag="650" ind1=" " ind2=" ">
    <subfield code="a">Novela inglesa</subfield>
    <subfield code="y">Siglo XX</subfield>
  </datafield>
  <datafield tag="650" ind1=" " ind2=" ">
    <subfield code="a">Mujeres en la literatura</subfield>
    <subfield code="x">Novela</subfield>
  </datafield>
  <datafield tag="650" ind1=" " ind2=" ">
    <subfield code="a">Feminismo en la literatura</subfield>
    <subfield code="x">Novela</subfield>
  </datafield>
  <datafield tag="700" ind1=" " ind2=" ">
    <subfield code="a">Osuna Aguilar, Julia</subfield>
    <subfield code="e"> traductora</subfield>
  </datafield>
  <datafield tag="942" ind1=" " ind2=" ">
    <subfield code="2">ddc</subfield>
    <subfield code="c">BKLIT</subfield>
  </datafield>
  <datafield tag="999" ind1=" " ind2=" ">
    <subfield code="c">15484</subfield>
    <subfield code="d">15484</subfield>
  </datafield>
  <datafield tag="952" ind1=" " ind2=" ">
    <subfield code="0">0</subfield>
    <subfield code="1">0</subfield>
    <subfield code="2">ddc</subfield>
    <subfield code="4">0</subfield>
    <subfield code="7">0</subfield>
    <subfield code="8">LJ</subfield>
    <subfield code="a">BPMOS</subfield>
    <subfield code="b">BPMOS</subfield>
    <subfield code="c">FIC</subfield>
    <subfield code="d">2024-05-03</subfield>
    <subfield code="e">Dotaci&#xF3;n PNL 2023</subfield>
    <subfield code="i">NT</subfield>
    <subfield code="l">1</subfield>
    <subfield code="o">JN EVAn</subfield>
    <subfield code="p">MOS503646</subfield>
    <subfield code="r">2024-11-06</subfield>
    <subfield code="s">2024-10-17</subfield>
    <subfield code="t">Ej.1</subfield>
    <subfield code="w">2024-05-03</subfield>
    <subfield code="y">BKLIT</subfield>
    <subfield code="z">Quince dias</subfield>
  </datafield>
</record>
